Control biológico de Leptopharsa gibbicarina (Hemiptera: Tingidae) con la hormiga Crematogaster sp. (Hymenoptera: Formicidae) en palma de aceite (Registro nro. 15868)
[ vista simple ]
| 000 -CABECERA | |
|---|---|
| Campo de control | 005560000a22001450004500 |
| 090 ## - CLASIFICACIÓN LOCAL | |
| Colección | As |
| Consecutivo | Seriadas |
| 041 0# - IDIOMA | |
| Código de idioma para texto/pista de sonido o título separado | |
| 100 1# - ASIENTO PRINCIPAL--NOMBRE PERSONAL | |
| Nombre personal | Montañez, Martha Lucía |
| 245 10 - MENCION DE TITULO | |
| Título | Control biológico de Leptopharsa gibbicarina (Hemiptera: Tingidae) con la hormiga Crematogaster sp. (Hymenoptera: Formicidae) en palma de aceite |
| 700 1# - ASIENTO SECUNDARIO - NOMBRE PERSONAL | |
| Nombre personal | Calvache Guerrero, Hugo |
| 700 1# - ASIENTO SECUNDARIO - NOMBRE PERSONAL | |
| Nombre personal | Luque Z., Jesús Emilio |
| 700 1# - ASIENTO SECUNDARIO - NOMBRE PERSONAL | |
| Nombre personal | Méndez, Adalberto |
| 773 1# - Item fuente: | |
| Título | Revista Colombiana de Entomología |
| Descripción física | 3-4 |
| Paginas del Articulo | 89-94 |
| Lugar, editorial y fecha de publicación | 1998 |
| Información sobre la relación | 24 |
| 942 ## - ELEMENTOS ADICIONALES (KOHA) | |
| Tipo de ítem | Artículo |
No hay ítems disponibles.